[Event "Titled Tue 17th Jun Late"]
[Site "chess.com INT"]
[Date "2025.06.17"]
[Round "8"]
[White "Vaganian, Rafael A"]
[Black "Becking, Stephan"]
[Result "1-0"]
[WhiteTitle "GM"]
[BlackTitle "IM"]
[WhiteElo "2449"]
[BlackElo "2410"]
[WhiteFideId "13300016"]
[BlackFideId "4632478"]
[EventDate "2025.06.17"]

1. d4 Nf6 2. Nf3 e6 3. e3 c5 4. Bd3 b6 5. O-O Ba6 6. c4 d5 7. cxd5 Bxd3 8. Qxd3
Nxd5 9. dxc5 Bxc5 10. e4 Nb4 11. Qxd8+ Kxd8 12. Nc3 Ke7 13. Rd1 N8c6 14. a3 Nc2
15. Rb1 Rhd8 16. b4 Rxd1+ 17. Nxd1 Bd4 18. b5 Na5 19. Bg5+ f6 20. Rc1 fxg5 21.
Rxc2 Bc5 22. Nxg5 Bxa3 23. Rc7+ Kd6 24. Rc3 Bb4 25. Nf7+ Kd7 26. Rd3+ Ke7 27.
Ne5 Rd8 28. Rxd8 Kxd8 29. Nb2 Bc3 30. Nbc4 Bxe5 31. Nxe5 Kc7 32. Kf1 Nb7 33. Nc6
a5 34. bxa6 Nc5 35. a7 Kb7 36. f3 Na6 37. Ke2 Nc7 38. Nd8+ Kxa7 39. Kd3 Kb8 40.
Kc4 Kc8 41. Nc6 Kd7 42. Ne5+ Kd6 43. Nf7+ Ke7 44. Ng5 h6 45. Nh3 Kd6 46. Nf4 Ke5
47. Nd3+ Kd6 48. e5+ Kc6 49. Nb4+ Kd7 50. f4 g6 51. g4 Ke7 52. h3 Kd7 53. Kd4
Ke7 54. Ke4 Kd7 55. f5 gxf5+ 56. gxf5 exf5+ 57. Kxf5 Ke7 58. Nc6+ Kd7 59. Nd4 b5
60. e6+ Kd6 61. Kf6 b4 62. e7 Kd5 63. Nb5 1-0

[Event "Titled Tue 17th Jun Late"]
[Site "chess.com INT"]
[Date "2025.06.17"]
[Round "8"]
[White "Gorbenko, Rustem"]
[Black "Uyanga, Byambaa"]
[Result "1-0"]
[WhiteTitle "CM"]
[BlackTitle "WFM"]
[WhiteElo "2201"]
[BlackElo "2006"]
[WhiteFideId "14111438"]
[BlackFideId "2054906"]
[EventDate "2025.06.17"]

1. d4 Nf6 2. c4 g6 3. Nc3 Bg7 4. Nf3 O-O 5. e4 d6 6. Be2 e5 7. O-O Nc6 8. d5 Ne7
9. b4 Nd7 10. a4 a5 11. Ba3 axb4 12. Bxb4 b6 13. Qb3 Bh6 14. a5 bxa5 15. Bxa5
Nc5 16. Qc2 Bd7 17. Nd2 f5 18. Nb3 Nxe4 19. Nxe4 fxe4 20. c5 Rxa5 21. Nxa5 e3
22. fxe3 Bxe3+ 23. Kh1 Bxc5 24. Nb7 Qb8 25. Nxc5 dxc5 26. Qxc5 Nf5 27. g4 Qb2
28. Bd3 Qd2 29. Bc4 Qd4 30. Qxd4 Nxd4 31. d6+ Kg7 32. Rxf8 Kxf8 33. dxc7 Bc8 34.
Ra8 Ke7 35. Rxc8 Kd7 36. Rh8 Kxc7 37. Rxh7+ Kd6 38. Rg7 Kc5 39. Rxg6 Kxc4 40. h4
Nf3 41. Rg8 Nxh4 42. g5 e4 43. g6 Nxg6 44. Rxg6 Kd3 45. Kg2 Kd2 46. Rd6+ Ke2 47.
Re6 e3 48. Kg3 Kd2 49. Kf3 e2 50. Rxe2+ Kd3 51. Re3+ Kd4 52. Re4+ Kd5 53. Ke3
Kd6 54. Kd4 Kc6 55. Re5 Kd6 56. Ke4 Kc6 57. Rd5 Kc7 58. Kd4 Kc6 59. Kc4 Kb6 60.
Rc5 Kb7 61. Kb5 Ka7 62. Rc7+ Kb8 63. Kb6 Ka8 64. Rc8# 1-0

[Event "Titled Tue 17th Jun Late"]
[Site "chess.com INT"]
[Date "2025.06.17"]
[Round "8"]
[White "Schnaider, Ilan"]
[Black "Kramnik, Vladimir"]
[Result "1-0"]
[WhiteTitle "IM"]
[BlackTitle "GM"]
[WhiteElo "2388"]
[BlackElo "2753"]
[WhiteFideId "169013"]
[BlackFideId "4101588"]
[EventDate "2025.06.17"]

1. e4 e5 2. Nf3 Nc6 3. Nc3 Nf6 4. h3 d6 5. Bc4 Be6 6. Bxe6 fxe6 7. d4 exd4 8.
Nxd4 Qd7 9. Be3 Be7 10. Qe2 O-O 11. O-O-O Nxd4 12. Bxd4 Qc6 13. e5 dxe5 14. Bxe5
a6 15. Rhe1 Rae8 16. Bxf6 Bxf6 17. Ne4 Be7 18. Rd3 Rf5 19. Kb1 Bb4 20. c3 Bf8
21. Rf3 Re7 22. Re3 a5 23. Ng3 Rf6 24. Nh5 Rff7 25. g4 Qg2 26. f4 Qxe2 27. R1xe2
g6 28. Ng3 Rxf4 29. Rxe6 Rxe6 30. Rxe6 Rf3 31. Ne4 Rxh3 32. Re8 Kf7 33. Rc8 Be7
34. Rxc7 Re3 35. Nd6+ Ke6 36. Nc4 Re1+ 37. Kc2 h5 38. gxh5 gxh5 39. Rxb7 h4 40.
Rb6+ Kf5 41. Rh6 Bg5 42. Rh7 a4 43. b4 Re2+ 44. Kd3 Rxa2 45. b5 Ra1 46. b6 Rb1
47. b7 Kg4 48. Ne5+ Kg3 49. Nc6 Bf4 50. Nd4 a3 51. Ne2+ Kg4 52. Nxf4 a2 53. b8=Q
Rxb8 54. Ra7 Kxf4 55. Rxa2 h3 56. c4 Kg3 57. Kd4 h2 58. Ra1 Kg2 59. c5 Rd8+ 60.
Ke5 1-0

[Event "Titled Tue 17th Jun Late"]
[Site "chess.com INT"]
[Date "2025.06.17"]
[Round "8"]
[White "Dauer, Andre Leonardo"]
[Black "Manon-og, Ramon Jr."]
[Result "1/2-1/2"]
[WhiteTitle "CM"]
[WhiteElo "2138"]
[BlackElo "1913"]
[WhiteFideId "2126915"]
[BlackFideId "5200776"]
[EventDate "2025.06.17"]

1. e4 c5 2. Nf3 d5 3. exd5 Qxd5 4. Nc3 Qd8 5. d4 Nf6 6. dxc5 Qxd1+ 7. Nxd1 e6 8.
Be3 Nc6 9. Bb5 Bd7 10. h3 Ne4 11. Bxc6 Bxc6 12. Nd4 Bxc5 13. Nxc6 Bxe3 14. Nxe3
bxc6 15. O-O Ke7 16. f3 Nf6 17. Rfd1 Nd5 18. Nc4 Rab8 19. Rd2 a5 20. Rad1 a4 21.
Kf2 Rb4 22. b3 axb3 23. axb3 Ra8 24. Ne5 Rb6 25. c4 Nc3 26. Re1 Ra2 27. Rxa2
Nxa2 28. Rb1 Nc3 29. Rc1 Rxb3 30. Nxc6+ Kd6 31. Nd4 Rb2+ 32. Kf1 Na2 33. Rc2
Rb1+ 34. Kf2 Nb4 35. Rc3 Rd1 36. c5+ Kc7 37. Nb5+ Kc6 38. Na7+ Kc7 39. c6 Nd5
40. Nb5+ Kc8 41. Ra3 Kb8 42. Ra7 Rd2+ 43. Kg3 Rc2 44. Rb7+ Ka8 45. Rxf7 Rxc6 46.
Rxg7 h5 47. Rh7 Rc5 48. Nd6 Ne3 49. Kf2 Nd1+ 50. Ke2 Nc3+ 51. Kd3 Nd5 52. Kd4
Nf4 53. Kxc5 Nxg2 54. Rxh5 Ne1 55. f4 Nd3+ 56. Kd4 Nxf4 57. Rh8+ Ka7 58. Re8
Nxh3 59. Rxe6 Nf4 60. Re8 Ng6 61. Kc5 Nf4 62. Re4 Nd3+ 63. Kc4 Nb2+ 64. Kb3 Nd3
65. Rd4 Nc5+ 66. Kc4 Ne6 67. Rd5 Nc7 68. Ra5+ Kb6 69. Rb5+ Nxb5 1/2-1/2

[Event "Titled Tue 17th Jun Late"]
[Site "chess.com INT"]
[Date "2025.06.17"]
[Round "8"]
[White "Shuvalova, Polina"]
[Black "Labussiere, Victor"]
[Result "0-1"]
[WhiteTitle "IM"]
[BlackTitle "FM"]
[WhiteElo "2480"]
[BlackElo "2312"]
[WhiteFideId "24171760"]
[BlackFideId "2183129"]
[EventDate "2025.06.17"]

1. Nf3 d5 2. g3 Nf6 3. Bg2 Bf5 4. O-O e6 5. c4 c6 6. d3 Be7 7. Nbd2 O-O 8. b3 h6
9. Bb2 a5 10. a3 Bh7 11. Rc1 Nbd7 12. Rc2 Ne8 13. Qa1 Bf6 14. Rfc1 Bxb2 15. Qxb2
Nef6 16. b4 axb4 17. axb4 Qe7 18. b5 c5 19. Ra1 b6 20. Rcc1 Qd6 21. Ra6 Rab8 22.
Rca1 Rfe8 23. h3 d4 24. Nh2 e5 25. Qc2 Qe6 26. Ra7 Qd6 27. Bc6 Red8 28. Nhf1 Nf8
29. R1a6 Bf5 30. h4 Bc8 31. Ra1 Ne6 32. Ra8 Rxa8 33. Rxa8 g5 34. hxg5 Nxg5 35.
Nh2 Ng4 36. Nxg4 Bxg4 37. Rxd8+ Qxd8 38. Nf3 Nxf3+ 39. exf3 Bf5 40. Qe2 Qf6 41.
Kg2 Kg7 42. Bd5 Bg6 43. Be4 Bf5 44. Qe1 h5 45. Qh1 Bg6 46. Qh3 Qe6 47. Qh4 Qf6
48. Qh3 Qe6 49. Qxe6 fxe6 50. Kh3 Bf5+ 51. Kh4 Kh6 52. g4 hxg4 53. Bxf5 exf5 54.
fxg4 e4 55. g5+ Kg6 0-1

[Event "Titled Tue 17th Jun Late"]
[Site "chess.com INT"]
[Date "2025.06.17"]
[Round "8"]
[White "Salinas Herrera, Pablo"]
[Black "Al-Tarboush, Ward"]
[Result "1-0"]
[WhiteTitle "GM"]
[BlackTitle "FM"]
[WhiteElo "2447"]
[BlackElo "2223"]
[WhiteFideId "3407128"]
[BlackFideId "7601450"]
[EventDate "2025.06.17"]

1. d4 d5 2. Bf4 Nf6 3. e3 c5 4. Nf3 Qb6 5. Nc3 e6 6. Nb5 Na6 7. c3 Bd7 8. a4 Qa5
9. dxc5 Bxc5 10. b4 Nxb4 11. Nc7+ Ke7 12. Nxa8 Ne4 13. Nd2 Nxc3 14. Nb3 Nxd1 15.
Nxa5 Nc2+ 16. Kxd1 Nxa1 17. Nxb7 Bxa4+ 18. Ke2 Bb4 19. Nc7 Bc6 20. Na6 Ba3 21.
Na5 Ba4 22. Be5 Nc2 23. Kf3 Ne1+ 24. Kg3 f6 25. Bc3 Bd6+ 26. f4 Nc2 27. Bd3 Nxe3
28. Re1 Nc2 29. Re2 Na3 30. Bf5 Bd7 31. Kf2 Bxf4 32. Nc5 e5 33. Bxd7 Kd6 34. Bb4
Nc4 35. Nxc4+ dxc4 36. Bf5 Kd5 37. Ne4 Kd4 38. Bc3+ Kd5 39. Kf3 Rb8 40. g3 Bh6
41. h4 Kc6 42. Bxh7 Rb3 43. Bf5 a5 44. Kg4 a4 45. Ra2 a3 46. Kh5 Kb5 47. g4 Bf4
48. g5 fxg5 49. hxg5 Rb1 50. Kg6 Rg1 51. Rxa3 Kc6 52. Ra6+ Kb7 53. Re6 Rg2 54.
Re7+ Kc6 55. Rxg7 Kb5 56. Rc7 Ka4 57. Rxc4+ Kb3 58. Rc8 Rg1 59. Ba5 Ka4 60. Bd8
Kb5 61. Bf6 Kb6 62. Rc2 Kb5 63. Rc5+ Kb6 64. Bd8+ Kb7 65. Ba5 1-0

[Event "Titled Tue 17th Jun Late"]
[Site "chess.com INT"]
[Date "2025.06.17"]
[Round "8"]
[White "Dubnevych, Maksym"]
[Black "Nurgaliyeva, Zarina"]
[Result "1-0"]
[WhiteTitle "FM"]
[BlackTitle "WFM"]
[WhiteElo "2296"]
[BlackElo "2252"]
[WhiteFideId "14184001"]
[BlackFideId "13730096"]
[EventDate "2025.06.17"]

1. Nc3 d5 2. e4 d4 3. Nce2 e5 4. c3 Nc6 5. Ng3 Nf6 6. Nf3 dxc3 7. bxc3 Bc5 8.
Bb5 O-O 9. O-O Bg4 10. h3 Bxf3 11. Qxf3 Ne7 12. Rd1 c6 13. Bf1 Qb6 14. a4 a5 15.
d3 h6 16. Bxh6 Bxf2+ 17. Qxf2 Qxf2+ 18. Kxf2 gxh6 19. Rab1 Rab8 20. Rb2 Nd7 21.
d4 exd4 22. cxd4 Nc8 23. Nf5 Kh7 24. Bd3 Ncb6 25. Ra1 c5 26. e5 cxd4 27. Nxd4+
Kh8 28. Nf3 Nd5 29. Bf5 Nc5 30. Rd1 Nb4 31. Rd6 Kg7 32. Rbd2 Rfe8 33. R2d4 h5
34. Rh4 Nc6 35. Rd5 Na6 36. Rxh5 Nab4 37. Rd7 Nxe5 38. Rh7+ Kf6 39. Nxe5 Kxf5
40. Nc4 f6 41. Nd6+ Ke6 42. Nxe8 Rxe8 43. Rxb7 Rc8 44. Rb6+ Kf5 45. Rb5+ Kg6 46.
Rh4 Rc2+ 47. Kg1 Nc6 48. Rg4+ Kf7 49. Rg3 Ke6 50. Rd3 Ne5 51. Re3 Ra2 52. Rxa5
Kf5 53. Re1 Kf4 54. Rf1+ Kg3 55. Rxf6 Rxg2+ 56. Kf1 Ra2 57. Rxe5 Ra1+ 58. Re1
Rxa4 59. Re3+ Kh4 60. Rf2 Ra1+ 61. Kg2 Ra4 62. Rg3 Ra6 63. Rg4+ Kh5 64. Kg3 1-0

[Event "Titled Tue 17th Jun Late"]
[Site "chess.com INT"]
[Date "2025.06.17"]
[Round "8"]
[White "Kanakaris, Georgios"]
[Black "Tang, Andrew"]
[Result "0-1"]
[WhiteTitle "IM"]
[BlackTitle "GM"]
[WhiteElo "2396"]
[BlackElo "2529"]
[WhiteFideId "4209460"]
[BlackFideId "2059630"]
[EventDate "2025.06.17"]

1. d4 d5 2. c4 e6 3. Nc3 Be7 4. cxd5 exd5 5. Bf4 c6 6. e3 Bf5 7. Bd3 Bxd3 8.
Qxd3 Nf6 9. Nf3 Nbd7 10. O-O O-O 11. Rab1 a5 12. a3 Re8 13. h3 Bf8 14. Rfc1 Ne4
15. Nd2 Nd6 16. Na4 Nc4 17. Nb3 b5 18. Nac5 a4 19. Nxd7 Qxd7 20. Nd2 Re6 21. Re1
Rae8 22. Nxc4 bxc4 23. Qc2 Ra8 24. e4 Qb7 25. exd5 Rxe1+ 26. Rxe1 cxd5 27. Bd2
g6 28. Bc3 Bd6 29. Qe2 Qd7 30. Qf3 Kg7 31. g3 Bc7 32. Kg2 Ra6 33. Qg4 Qd8 34.
Bb4 h5 35. Qf3 Rc6 36. Be7 Qd7 37. Bg5 Re6 38. Rxe6 Qxe6 39. Bd2 Bb6 40. Bc3 f6
41. Qf4 g5 42. Qb8 g4 43. hxg4 hxg4 44. Qb7+ Kg6 45. Qb8 Kf5 46. Qh8 Ke4 47.
Qh7+ Qf5 48. Qe7+ Kd3 49. Qe3+ Kc2 50. Qd2+ Kb3 51. Qd1+ Ka2 52. Kg1 Qf3 53.
Qxa4 Bc7 54. Qd7 Bxg3 55. fxg3 Qxg3+ 56. Kf1 Qf3+ 57. Ke1 g3 58. Qh3 Qf2+ 59.
Kd1 g2 0-1

[Event "Titled Tue 17th Jun Late"]
[Site "chess.com INT"]
[Date "2025.06.17"]
[Round "8"]
[White "Hartge, Gedeon"]
[Black "Ameir, Moheb"]
[Result "1-0"]
[WhiteTitle "FM"]
[BlackTitle "IM"]
[WhiteElo "2328"]
[BlackElo "2364"]
[WhiteFideId "12932116"]
[BlackFideId "10600620"]
[EventDate "2025.06.17"]

1. e4 e5 2. Nf3 Nc6 3. Bc4 Nf6 4. d3 Bc5 5. O-O d6 6. c3 a6 7. a4 Ba7 8. Na3 h6
9. Nc2 Ne7 10. Be3 Ng6 11. Bxa7 Rxa7 12. Ne3 O-O 13. Re1 Ra8 14. g3 Bh3 15. Nf5
Qd7 16. N3h4 Nxh4 17. Nxh4 g5 18. Ng2 Kg7 19. d4 Qe7 20. dxe5 dxe5 21. Qf3 Bg4
22. Qe3 Rad8 23. f3 Bc8 24. Rad1 Rxd1 25. Rxd1 Rd8 26. Rxd8 Qxd8 27. Qd3 Qxd3
28. Bxd3 a5 29. Ne3 c6 30. Nc4 g4 31. Kf2 gxf3 32. Kxf3 Nd7 33. Nxa5 Nc5 34. Bc2
Kf6 35. b4 Ne6 36. Nc4 Ng5+ 37. Ke3 Ke6 38. Nb6 Bd7 39. h4 Nh7 40. Bb3+ Kd6 41.
Nxd7 Kxd7 42. Bxf7 Nf6 43. Bg6 Kd6 44. Bf5 b6 45. g4 c5 46. g5 hxg5 47. hxg5 Ne8
48. Kd3 cxb4 49. cxb4 Ng7 50. Bg4 Ne8 51. Kc4 Kc6 52. g6 Ng7 53. a5 bxa5 54.
bxa5 Ne8 55. a6 Nd6+ 56. Kb4 Nxe4 57. g7 Nf6 58. Ka5 e4 59. Be2 Kc7 60. Kb5 Kb8
61. Kc6 1-0

[Event "Titled Tue 17th Jun Late"]
[Site "chess.com INT"]
[Date "2025.06.17"]
[Round "8"]
[White "Willim, Michael"]
[Black "Moreira, Ronaldo Alonso"]
[Result "1/2-1/2"]
[WhiteTitle "CM"]
[WhiteElo "2024"]
[BlackElo "2094"]
[WhiteFideId "4632435"]
[BlackFideId "2110547"]
[EventDate "2025.06.17"]

1. c4 Nf6 2. Nf3 e6 3. g3 d5 4. Bg2 dxc4 5. O-O Be7 6. Qa4+ Bd7 7. Qxc4 c5 8.
Ne5 Nc6 9. Nxc6 Bxc6 10. Bxc6+ bxc6 11. Nc3 O-O 12. d3 Qd4 13. Be3 Qxc4 14. dxc4
Rab8 15. b3 Nd7 16. Rfd1 Rfd8 17. Rd2 Bf6 18. Rc1 Kf8 19. Ne4 Be7 20. Rcd1 Ke8
21. Nd6+ Bxd6 22. Rxd6 Rbc8 23. Bg5 Nf6 24. Bxf6 gxf6 25. Rxd8+ Rxd8 26. Rxd8+
Kxd8 27. Kg2 f5 28. Kf3 Ke7 29. Kf4 Kf6 30. g4 e5+ 31. Kg3 Kg5 32. h4+ Kg6 33.
gxf5+ Kxf5 34. Kf3 e4+ 35. Ke3 Ke5 36. f3 f5 37. f4+ Kf6 38. Kf2 Kg6 39. Kg2 Kh5
40. Kh3 Kg6 41. e3 Kh5 42. Kg3 Kg6 43. Kh3 Kf6 44. h5 h6 45. Kh4 Ke6 46. Kg3 Kd7
47. Kh4 Kc7 48. Kh3 Kb6 49. Kg2 a5 50. Kf2 a4 51. Ke2 Ka5 52. Kd2 axb3 53. axb3
Kb4 54. Kc2 Ka3 55. Kc3 Ka2 56. b4 cxb4+ 57. Kxb4 Kb2 58. Kc5 Kc3 59. Kxc6 Kd3
60. Kd5 Kxe3 61. c5 Kxf4 62. c6 e3 63. c7 e2 64. c8=Q e1=Q 65. Qc7+ Kg5 66. Qg7+
Kxh5 67. Qf7+ Kg4 68. Qg6+ Kf4 69. Qxh6+ Kf3 70. Qh3+ Qg3 71. Qxf5+ Qf4 72.
Qxf4+ Kxf4 1/2-1/2

[Event "Titled Tue 17th Jun Late"]
[Site "chess.com INT"]
[Date "2025.06.17"]
[Round "8"]
[White "Manukian, Artak"]
[Black "Rees, Ioan"]
[Result "1/2-1/2"]
[BlackTitle "FM"]
[WhiteElo "2104"]
[BlackElo "2280"]
[WhiteFideId "13301373"]
[BlackFideId "1801236"]
[EventDate "2025.06.17"]

1. e4 e5 2. Nf3 Nc6 3. d4 exd4 4. Nxd4 Nf6 5. Nxc6 bxc6 6. Bd3 d5 7. exd5 cxd5
8. O-O Be7 9. c4 d4 10. Nd2 O-O 11. Ne4 Ng4 12. Bf4 f5 13. Ng3 g5 14. Bd2 Ne5
15. Qc2 Nxd3 16. Qxd3 c5 17. f4 g4 18. Rae1 Rb8 19. Re5 Bd6 20. Rd5 Be6 21. b3
Bxd5 22. cxd5 Qf6 23. Qc4 Qf7 24. Re1 Rbe8 25. Re6 Qc7 26. Nxf5 Bxf4 27. d6 Qf7
28. Rxe8 Rxe8 29. d7 Rd8 30. Bxf4 Qxc4 31. bxc4 Rxd7 32. Kf2 Rb7 33. Bd6 Rb2+
34. Kg3 Rxa2 35. Bxc5 d3 36. Ne3 d2 37. Kxg4 Ra4 38. Bxa7 Rxc4+ 39. Kf3 Ra4 40.
Bc5 Ra5 41. Bb4 Ra2 42. Ke2 d1=Q+ 43. Kxd1 h5 44. Bd2 h4 45. Ke2 Rb2 46. Ke1 Ra2
47. Nf5 Ra4 48. Kf2 Kf7 49. Be3 Kg6 50. Nd4 Ra2+ 51. Kf3 Kh5 52. Ne2 Ra3 53.
Nf4+ Kh6 54. h3 Rb3 55. Kf2 Rb2+ 56. Ne2+ Kh5 57. Bd4 Ra2 58. Kf3 Ra3+ 59. Be3
Rb3 60. Nf4+ Kh6 61. Nd5+ Kh5 62. Nf6+ Kg6 63. Ne4 Kf5 64. Nc5 Ra3 65. Nb7 Ra4
66. Nd6+ Kg6 67. Ne4 Kf5 68. Nf2 Ra3 69. Ng4 Rb3 70. Ke2 Rb2+ 71. Bd2 Ra2 72.
Ke3 Ra3+ 73. Ke2 Ra2 74. Ke1 Ra1+ 75. Ke2 Ra2 1/2-1/2

[Event "Titled Tue 17th Jun Late"]
[Site "chess.com INT"]
[Date "2025.06.17"]
[Round "8"]
[White "Sohal, Tanraj"]
[Black "Damaraju, Ashwin"]
[Result "1-0"]
[WhiteTitle "FM"]
[WhiteElo "2234"]
[BlackElo "2084"]
[WhiteFideId "2608499"]
[BlackFideId "39908348"]
[EventDate "2025.06.17"]

1. d4 Nf6 2. Nf3 g6 3. g3 Bg7 4. Bg2 O-O 5. O-O d6 6. c3 c5 7. dxc5 dxc5 8. Qxd8
Rxd8 9. Be3 Na6 10. Na3 Bf5 11. Rfd1 Be4 12. Bf1 Nd5 13. Bg5 h6 14. Bd2 Rab8 15.
Be1 Nb6 16. b3 c4 17. Nd4 cxb3 18. axb3 Nc5 19. b4 Bxd4 20. Rxd4 Nb3 21. Rxe4
Nxa1 22. f4 e6 23. Nb5 Nc2 24. Bf2 Nd5 25. Bxa7 Ra8 26. Bc5 Ra1 27. Kf2 Nf6 28.
Bg2 Ng4+ 29. Kf3 Nxh2+ 30. Kf2 Ng4+ 31. Kf3 Nf6 32. Rc4 Ne1+ 33. Kf2 Nxg2 34.
Kxg2 Ra2 35. Kf3 Rdd2 36. Nd4 Nd5 37. Bd6 Ra3 38. Rc8+ Kh7 39. Nb5 Rb3 40. Be5
f6 41. Bd4 e5 42. fxe5 fxe5 43. Bxe5 g5 44. Bd4 Kg6 45. Rb8 b6 46. Rb7 Nf6 47.
Rxb6 Rxd4 48. Nxd4 Rxc3+ 49. e3 Rc4 50. Rc6 Rxb4 51. Ke2 Rb2+ 52. Kf3 g4+ 53.
Kf4 Rf2+ 54. Ke5 Kg5 55. Ne6+ Kh5 56. Nf4+ Rxf4 57. exf4 Nd7+ 58. Ke4 Nf8 59.
Rc5+ Kg6 60. Ke3 Ne6 61. Rc6 Kf5 62. Ra6 h5 63. Ra5+ Kf6 64. Ke4 Ng7 65. Ra6+
Kf7 66. f5 Ne8 67. Kf4 Nf6 68. Kg5 Ne4+ 69. Kxh5 Nxg3+ 70. Kxg4 Ne4 71. Kf4 Nf6
72. Ra7+ Kf8 73. Ke5 Ne8 74. Ke6 Ng7+ 75. Kf6 Ne8+ 76. Kg6 Nd6 77. Ra8+ Ke7 78.
f6+ Ke6 79. Ra6 Ke5 80. Rxd6 Kxd6 81. f7 1-0

[Event "Titled Tue 17th Jun Late"]
[Site "chess.com INT"]
[Date "2025.06.17"]
[Round "8"]
[White "Muradli, Mahammad"]
[Black "Rasulov, Vugar"]
[Result "1-0"]
[WhiteTitle "GM"]
[BlackTitle "GM"]
[WhiteElo "2609"]
[BlackElo "2483"]
[WhiteFideId "13409301"]
[BlackFideId "13402390"]
[EventDate "2025.06.17"]

1. c4 e5 2. d3 Nf6 3. Nf3 Nc6 4. a3 g6 5. b4 Bg7 6. Bb2 d6 7. e3 O-O 8. Be2 Re8
9. Nbd2 e4 10. dxe4 Nxe4 11. Bxg7 Kxg7 12. Nxe4 Rxe4 13. h3 Qf6 14. O-O Re8 15.
Rc1 Be6 16. c5 Rad8 17. Qa4 Qb2 18. Rc2 Qb3 19. Qxb3 Bxb3 20. Rc3 Bd5 21. cxd6
cxd6 22. Rd1 Ne7 23. Rc7 Bc6 24. Nd4 Nd5 25. Nxc6 Nxc7 26. Nxd8 Rxd8 27. Rc1 Ne6
28. Bf3 Rd7 29. Bd5 Kf6 30. f4 b6 31. Rd1 Rc7 32. Rd3 h5 33. g3 Rc2 34. Bb3 Rb2
35. Ba4 Ke7 36. g4 hxg4 37. hxg4 g5 38. f5 Nc7 39. Bc6 Rc2 40. Ba4 Rb2 41. Bc6
b5 42. Bf3 Ne8 43. Rc3 Kd8 44. Kf1 Nf6 45. Rc6 Ke7 46. Ra6 d5 47. Rxa7+ Kd6 48.
Ra6+ Ke5 49. Ra7 Rb1+ 50. Ke2 Rb2+ 51. Kd3 Rb3+ 52. Kd2 Rb2+ 53. Kc3 Rf2 54.
Re7+ Kd6 55. Rxf7 Nd7 56. Bd1 Ra2 57. Rg7 Rxa3+ 58. Bb3 Ra1 59. Rxg5 Ne5 60. Rg7
Rc1+ 61. Kd2 Rb1 62. Bc2 Rxb4 63. g5 Rg4 64. g6 b4 65. Rb7 Rg2+ 66. Kc1 Nc4 67.
g7 Rg1+ 68. Bd1 Nxe3 69. f6 Rxd1+ 70. Kb2 Nc4+ 71. Kc2 Rd2+ 72. Kc1 Rg2 73. f7
Rg1+ 74. Kc2 Rg2+ 75. Kd1 1-0

[Event "Titled Tue 17th Jun Late"]
[Site "chess.com INT"]
[Date "2025.06.17"]
[Round "8"]
[White "Nihal, Sarin"]
[Black "Shermuhammadov, Samandar"]
[Result "1/2-1/2"]
[WhiteTitle "GM"]
[BlackTitle "FM"]
[WhiteElo "2696"]
[BlackElo "2110"]
[WhiteFideId "25092340"]
[BlackFideId "14205602"]
[EventDate "2025.06.17"]

1. b3 Nf6 2. Bb2 d6 3. d4 Nbd7 4. Nf3 g6 5. e3 Bg7 6. Be2 O-O 7. O-O Re8 8. c4
c6 9. Nc3 e5 10. dxe5 dxe5 11. Qc2 Qc7 12. Rfd1 Nc5 13. b4 Bf5 14. Qc1 Nce4 15.
Nxe4 Nxe4 16. c5 Nf6 17. h3 Nd5 18. a3 Rad8 19. Qc4 Be6 20. Qc2 h6 21. Bc4 f5
22. e4 fxe4 23. Qxe4 Bf5 24. Qe1 Kh7 25. Nh4 e4 26. Bxg7 Qxg7 27. Nxf5 gxf5 28.
Kh1 Nf4 29. Bf1 Nd3 30. Qe2 Qd4 31. Kg1 Rg8 32. Qe3 Qg7 33. Ra2 Ne5 34. Rxd8
Rxd8 35. Be2 Qg5 36. Kf1 Qxe3 37. fxe3 Kg6 38. Rc2 Kf6 39. a4 a6 40. b5 axb5 41.
axb5 Rd5 42. bxc6 bxc6 43. Kf2 Nd7 44. Ra2 Nxc5 45. Ra8 Nd3+ 46. Kg3 Ne5 47.
Rf8+ Ke6 48. Bh5 Rd2 49. Rh8 Nd3 50. Rxh6+ Ke7 51. Rxc6 Ne1 52. Kf4 Nxg2+ 53.
Kxf5 Rd5+ 54. Kg6 Nh4+ 55. Kh6 Nf5+ 56. Kh7 Nxe3 57. Bg6 Re5 58. Rc7+ Kd6 59.
Ra7 Ng2 60. Ra6+ Ke7 61. Ra7+ Kf6 62. Rf7+ Kg5 63. Rf2 Nh4 64. Bxe4 Rxe4 65. Kg7
Re7+ 66. Rf7 Nf5+ 67. Kf8 Re6 68. Ra7 Nd6 69. h4+ Kf6 70. Kg8 Nf5 71. h5 Re8+
72. Kh7 Nd6 73. h6 Rf8 74. Ra6 Rd8 75. Ra7 Nf7 76. Rxf7+ Kxf7 1/2-1/2

[Event "Titled Tue 17th Jun Late"]
[Site "chess.com INT"]
[Date "2025.06.17"]
[Round "8"]
[White "Sadykov, Ramil"]
[Black "Lisenkov, Svyatoslav"]
[Result "1-0"]
[WhiteTitle "FM"]
[BlackTitle "CM"]
[WhiteElo "2264"]
[BlackElo "2283"]
[WhiteFideId "24113590"]
[BlackFideId "34264183"]
[EventDate "2025.06.17"]

1. d4 Nf6 2. Nf3 g6 3. c4 Bg7 4. Nc3 O-O 5. Bg5 d6 6. e3 Nbd7 7. Be2 b6 8. Qc2
Bb7 9. O-O-O e6 10. h4 h6 11. Bf4 Qe7 12. h5 Nxh5 13. Rxh5 gxh5 14. Rh1 e5 15.
Bg3 e4 16. Nd2 f5 17. Rxh5 a6 18. Bf4 Rf6 19. Qd1 c5 20. Qh1 cxd4 21. exd4 Raf8
22. Nf1 Rg6 23. Ne3 Bxd4 24. Nxf5 Rxf5 25. Rxf5 e3 26. f3 Bxc3 27. bxc3 Qg7 28.
Qe1 Rxg2 29. Bxe3 Ne5 30. Qd1 Qg6 31. Rf4 h5 32. Rd4 Nf7 33. Bd3 Qf6 34. Kb1
Bxf3 35. Qf1 Rg3 36. Rf4 Qxc3 37. Bd4 Qb4+ 38. Ka1 Bg2 39. Qe2 Ne5 40. Bxe5 dxe5
41. Qxe5 Qc5 42. Qe8+ Kg7 43. Rf7+ Kh6 44. Qe6+ Kg5 45. Rf5+ Qxf5 46. Qxf5+ Kh4
47. Qf4+ Rg4 48. Qh2+ Kg5 49. Be2 Be4 50. Bxg4 hxg4 51. Qe5+ Bf5 52. Qg3 Be6 53.
Qe3+ Kf6 54. Qxb6 g3 55. Qe3 g2 56. Qf2+ Ke5 57. Qxg2 Bxc4 58. Qg3+ Kd5 59. Kb2
Kc5 60. a3 Kb5 61. Kc3 Bd5 62. Qd6 Bh1 63. Qc7 a5 64. Qc4+ Kb6 65. Qd4+ Kb5 66.
Qe5+ Kb6 67. Qb8+ Ka6 68. Kc4 a4 69. Qb5+ Ka7 70. Qxa4+ Kb6 71. Qb4+ Kc7 72.
Qc5+ Kd7 73. Kb4 Bg2 74. a4 Bh1 75. a5 Bg2 76. Qb6 Bh1 77. Kc5 Bg2 78. Qd6+ Ke8
79. Kb6 Bh1 80. Qc7 Bg2 81. Kc5 Bh1 82. Kd6 Kf8 83. Ke5 Bd5 84. Kf6 1-0

[Event "Titled Tue 17th Jun Late"]
[Site "chess.com INT"]
[Date "2025.06.17"]
[Round "8"]
[White "Aalto, Patrik"]
[Black "Mai, Alexander Oliver"]
[Result "1-0"]
[WhiteTitle "FM"]
[BlackTitle "CM"]
[WhiteElo "2316"]
[BlackElo "2171"]
[WhiteFideId "510726"]
[BlackFideId "2313391"]
[EventDate "2025.06.17"]

1. c4 Nf6 2. Nf3 c5 3. d4 cxd4 4. Nxd4 e6 5. Nc3 d5 6. cxd5 Nxd5 7. Nxd5 Qxd5 8.
e3 Nc6 9. Nb5 Qxd1+ 10. Kxd1 Rb8 11. Bd2 a6 12. Nc3 Be7 13. Bd3 O-O 14. Ke2 Rd8
15. Rhd1 Ne5 16. Bc2 Nc4 17. Bc1 Bd7 18. b3 Na3 19. Bd3 Bb4 20. Bb2 Bxc3 21.
Bxc3 Bb5 22. Rac1 Bxd3+ 23. Rxd3 Rxd3 24. Kxd3 Rd8+ 25. Ke2 Rc8 26. Bb2 Rxc1 27.
Bxc1 Nb5 28. Kd3 Kf8 29. e4 Ke7 30. a4 Nc7 31. Kd4 b6 32. f4 Kd7 33. g4 Kc6 34.
Ba3 b5 35. a5 Ne8 36. Bf8 g6 37. b4 h5 38. h3 hxg4 39. hxg4 Nf6 40. g5 Nd7 41.
Be7 Nb8 42. Ke5 Nd7+ 43. Kd4 Nb8 44. Bc5 Nd7 45. Ba7 Nf8 46. Bb8 Nd7 47. Be5 Nf8
48. Bg7 Nd7 49. Kd3 Kd6 50. Bb2 e5 51. f5 Nb8 52. fxg6 fxg6 53. Bc3 Nc6 54. Ke3
Ke6 55. Kd3 Nd8 56. Bd2 Nf7 57. Ke3 Nxg5 58. Kd3 Nf7 59. Ke3 g5 60. Kf3 Kf6 61.
Kg4 Kg6 62. Bc3 Nd6 63. Bxe5 Nxe4 64. Bd4 Nf6+ 65. Kf3 Kf5 66. Bc5 g4+ 67. Ke3
Nd5+ 68. Kf2 Nf4 69. Kg3 Nh5+ 70. Kh4 Nf4 71. Kg3 Ne6 72. Bd6 Ng5 73. Bc7 Nf3
74. Bd6 Ne5 75. Be7 Nd3 76. Bd6 Nb2 77. Be7 Nc4 78. Bc5 Kg5 79. Be7+ Kh5 80. Bc5
Ne5 81. Bd6 Ng6 82. Bc7 Ne7 83. Be5 Nf5+ 84. Kf4 Nh6 85. Bf6 Nf7 86. Be7 Ng5 87.
Bxg5 g3 88. Be7 g2 89. Bc5 g1=Q 90. Bxg1 1-0